000 00594nam a2200241Ia 4500
003 OSt
005 20220924153608.0
006 a|||||r|||| 00| 0
007 ta
008 220923b |||||||| |||| 00| 0 tam d
024 _a350891
037 _cTextual
040 _aARTS
_cARTS
_btam
041 _2tam
_atam
082 _aR65,6:g, 31P3
100 _aVanamanmalai
_9229321
245 0 _aThirthattu vaarthai
260 _c2003
650 _a PHILOSOPHY
650 _aBHAGAVAD GITA
942 _hR65,6:g, 31P3
_cTEXL
_2CC
999 _c474176
_d474176